000 00690nam a2200121Ia 4500
008 220620s9999||||xx |||||||||||||| ||und||
100 _aSteiro, Trygve J.||Torgersen , Glenn-Egil
245 0 _aChapter 10 Weltbürger Perspectives and Samhandling
546 _aEnglish[eng]
650 _aSamhandling||Weltbürger||Immanuel Kant||interaction||risk||tolerance||international understanding||organizational learning||unforeseen
856 _uhttps://library.oapen.org/bitstream/20.500.12657/28311/1/Interaction_ch10.pdf||https://library.oapen.org/bitstream/20.500.12657/28311/1/Interaction_ch10.pdf||https://library.oapen.org/bitstream/20.500.12657/28311/1/Interaction_ch10.pdf
942 _cEB
999 _c34775
_d34775